[Event "GER-chT U20"]
[Site "Braunschweig"]
[Date "2019.12.30"]
[Round "7.4"]
[White "Gorainow, Nikita"]
[Black "McPherson, Elisha"]
[Result "1/2-1/2"]
[WhiteElo "1946"]
[BlackElo "1975"]
[PlyCount "30"]
[EventDate "2019.12.27"]
[EventType "team-swiss"]
[EventRounds "7"]
[EventCountry "GER"]
[SourceTitle "CBM 194 Extra"]
[Source "ChessBase"]
[SourceDate "2020.03.31"]
[SourceVersion "1"]
[SourceVersionDate "2020.03.31"]
[SourceQuality "1"]
[WhiteTeam "Essen Katernberg"]
[BlackTeam "Augsburg"]
[WhiteTeamCountry "GER"]
[BlackTeamCountry "GER"]

1. e4 e6 2. d4 d5 3. Nc3 dxe4 4. Nxe4 Bd7 5. Nf3 Bc6 6. Bd3 Nd7 7. 0-0 Ngf6 8. Qe2 Nxe4 9. Bxe4 Bxe4 10. Qxe4 c6 11. c4 Be7 12. Bf4 0-0 13. Rfd1 Qb6 14. Qc2 Nf6 15. Rd3 a5 1/2-1/2

[Event "GER-chT U20"]
[Site "Braunschweig"]
[Date "2019.12.29"]
[Round "6.1"]
[White "Engel, Robert"]
[Black "Gorainow, Nikita"]
[Result "1/2-1/2"]
[WhiteElo "2075"]
[BlackElo "1946"]
[PlyCount "66"]
[EventDate "2019.12.27"]
[EventType "team-swiss"]
[EventRounds "7"]
[EventCountry "GER"]
[SourceTitle "CBM 194 Extra"]
[Source "ChessBase"]
[SourceDate "2020.03.31"]
[SourceVersion "1"]
[SourceVersionDate "2020.03.31"]
[SourceQuality "1"]
[WhiteTeam "Hamburger SK"]
[BlackTeam "Essen Katernberg"]
[WhiteTeamCountry "GER"]
[BlackTeamCountry "GER"]

1. e4 c5 2. Nf3 Nc6 3. Bb5 g6 4. Bxc6 bxc6 5. 0-0 Bg7 6. Re1 Nh6 7. c3 0-0 8. d4 cxd4 9. cxd4 d5 10. e5 f6 11. Qc2 Bg4 12. Nbd2 Qb6 13. h3 Bf5 14. Qa4 Nf7 15. exf6 exf6 16. b3 Rfe8 17. Ba3 Qb5 18. Rxe8+ Rxe8 19. Qxa7 Bh6 20. Nf1 Ng5 21. Nxg5 fxg5 22. Ne3 Bc8 23. Bd6 Bg7 24. Qc5 Qb7 25. b4 Re4 26. Rd1 Bd7 27. Rd2 h5 28. a4 g4 29. hxg4 hxg4 30. g3 Bh6 31. Be5 Bf8 32. Bd6 Bh6 33. Be5 Bf8 1/2-1/2

[Event "GER-ch U25-A"]
[Site "Willingen"]
[Date "2019.06.11"]
[Round "4"]
[White "Brockmeyer, Tobias"]
[Black "Gorainow, Nikita"]
[Result "0-1"]
[WhiteElo "1896"]
[BlackElo "1923"]
[PlyCount "100"]
[EventDate "2019.06.08"]
[EventType "swiss"]
[EventRounds "9"]
[EventCountry "GER"]
[SourceTitle "CBM 191 Extra"]
[Source "ChessBase"]
[SourceDate "2019.09.30"]
[SourceVersion "1"]
[SourceVersionDate "2019.09.30"]
[SourceQuality "1"]

1. d4 Nf6 2. c4 g6 3. f3 d5 4. cxd5 Nxd5 5. e4 Nb6 6. Nc3 Bg7 7. Be3 0-0 8. Qd2 e5 9. d5 c6 10. 0-0-0 cxd5 11. exd5 Na6 12. h4 h5 13. g4 hxg4 14. h5 Bf5 15. Bh6 Bf6 16. hxg6 fxg6 17. Bd3 g3 18. Qg2 Bg5+ 19. Bxg5 Qxg5+ 20. Kb1 Nc5 21. Ne4 Nxd3 22. Rxd3 Bxe4 23. fxe4 Rf2 24. Qh3 Rh2 25. Rxh2 gxh2 26. Qxh2 Rf8 27. Nf3 Qg4 28. Nxe5 Qxe4 29. Qg3 Nxd5 30. Qxg6+ Qxg6 31. Nxg6 Rf1+ 32. Kc2 Nb4+ 33. Kc3 Nxd3 34. Kxd3 Rf2 35. Kc3 Kf7 36. Ne5+ Ke6 37. Nd3 Rf3 38. Kd4 Kd6 39. Kc4 Rf1 40. Kd4 Rd1 41. Kc4 b5+ 42. Kd4 a5 43. a3 Rd2 44. Kc3 Rh2 45. Kd4 Rc2 46. Ke4 Rc4+ 47. Ke3 Kd5 48. Nf2 Rc2 49. Nd3 Kc4 50. b4 Rc3 0-1

[Event "GER-ch U25-A"]
[Site "Willingen"]
[Date "2019.06.09"]
[Round "2"]
[White "Froehlich, Franziska"]
[Black "Gorainow, Nikita"]
[Result "0-1"]
[WhiteElo "1820"]
[BlackElo "1923"]
[PlyCount "66"]
[EventDate "2019.06.08"]
[EventType "swiss"]
[EventRounds "9"]
[EventCountry "GER"]
[SourceTitle "CBM 191 Extra"]
[Source "ChessBase"]
[SourceDate "2019.09.30"]
[SourceVersion "1"]
[SourceVersionDate "2019.09.30"]
[SourceQuality "1"]

1. e4 c5 2. c3 Nf6 3. e5 Nd5 4. d4 cxd4 5. cxd4 d6 6. Nf3 Nc6 7. a3 e6 8. Bd3 Be7 9. 0-0 0-0 10. Nbd2 dxe5 11. dxe5 Nf4 12. Bb1 Qc7 13. Re1 b6 14. Qc2 Ng6 15. h4 Rd8 16. h5 Nf8 17. Ne4 Ba6 18. Qc3 Rac8 19. Bf4 Na5 20. Qe3 Nc4 21. Qe2 Qb7 22. Bd3 Rxd3 23. Qxd3 Nxe5 24. Qb3 Nd3 25. Be5 Nxe1 26. Rxe1 Bc4 27. Qe3 f6 28. Bc3 Bd5 29. Ned2 Bc5 30. Qf4 e5 31. Qh4 Be7 32. Qh2 Ne6 33. Nh4 Nf4 0-1

[Event "GER-ch U25-A"]
[Site "Willingen"]
[Date "2018.05.23"]
[Round "5"]
[White "Gorainow, Nikita"]
[Black "Jurga, Jonas Vincent"]
[Result "1/2-1/2"]
[WhiteElo "1966"]
[BlackElo "1845"]
[PlyCount "40"]
[EventDate "2018.05.19"]
[EventType "swiss"]
[EventRounds "9"]
[EventCountry "GER"]
[SourceTitle "CBM 184 Extra"]
[Source "ChessBase"]
[SourceDate "2018.06.28"]
[SourceVersion "1"]
[SourceVersionDate "2018.06.28"]
[SourceQuality "1"]

1. e4 e5 2. Nf3 Nc6 3. Nc3 Nf6 4. Bb5 Bb4 5. 0-0 0-0 6. d3 Bxc3 7. bxc3 d6 8. Bxc6 bxc6 9. h3 h6 10. Re1 Re8 11. d4 exd4 12. Qxd4 c5 13. Qd3 Bb7 14. Nd2 Qd7 15. Bb2 Qc6 16. f3 Nd7 17. c4 Nf8 18. a4 Ng6 19. Qc3 f6 20. Nf1 Bc8 1/2-1/2

[Event "Ruhrgebiet Verbandsliga Gruppe 1 1718"]
[Site "Germany"]
[Date "2018.01.14"]
[Round "5.3"]
[White "Gorainow, Nikita"]
[Black "Foerster, Wolfgang"]
[Result "1-0"]
[WhiteElo "1900"]
[BlackElo "1524"]
[PlyCount "51"]
[EventDate "2017.09.17"]
[EventType "team-tourn"]
[EventRounds "9"]
[EventCountry "GER"]
[SourceTitle "EXT 2022"]
[Source "ChessBase"]
[SourceDate "2021.10.06"]
[SourceVersion "1"]
[SourceVersionDate "2021.10.06"]
[SourceQuality "1"]
[WhiteTeam "Essen Katernberg III"]
[BlackTeam "Sodingen/Castrop SK II"]
[WhiteTeamCountry "GER"]
[BlackTeamCountry "GER"]

1. e4 c5 2. Nf3 e6 3. d4 cxd4 4. Nxd4 Bc5 5. Be3 Qb6 6. c3 Nc6 7. Nd2 Bxd4 8. Bxd4 Nxd4 9. Nc4 Qc5 10. b4 Qg5 11. Nd6+ Kf8 12. Qxd4 Qd8 13. Rd1 Ne7 14. Be2 f6 15. 0-0 Nc6 16. Qd2 Ke7 17. f4 Qb6+ 18. Kh1 Rd8 19. e5 f5 20. g4 fxg4 21. b5 Na5 22. f5 h6 23. f6+ Kf8 24. fxg7+ Kxg7 25. Rf7+ Kg6 26. Rf6+ 1-0

[Event "Ruhrgebiet Verbandsliga Gruppe 1 1718"]
[Site "Germany"]
[Date "2017.12.03"]
[Round "4.3"]
[White "Fuest, Torsten"]
[Black "Gorainow, Nikita"]
[Result "1-0"]
[WhiteElo "1888"]
[BlackElo "1912"]
[PlyCount "57"]
[EventDate "2017.09.17"]
[EventType "team-tourn"]
[EventRounds "9"]
[EventCountry "GER"]
[SourceTitle "EXT 2022"]
[Source "ChessBase"]
[SourceDate "2021.10.06"]
[SourceVersion "1"]
[SourceVersionDate "2021.10.06"]
[SourceQuality "1"]
[WhiteTeam "Boenen SV"]
[BlackTeam "Essen Katernberg III"]
[WhiteTeamCountry "GER"]
[BlackTeamCountry "GER"]

1. d4 f5 2. Bf4 Nf6 3. Nf3 e6 4. e3 b6 5. c4 Bb4+ 6. Nbd2 0-0 7. Bd3 d6 8. Qc2 Bb7 9. 0-0-0 Bxd2+ 10. Qxd2 Nbd7 11. Rhg1 Qe7 12. Bg5 h6 13. Bh4 g5 14. Bg3 Ne4 15. Qc2 e5 16. dxe5 dxe5 17. c5 bxc5 18. Qb3+ Kh8 19. Qxb7 Nxg3 20. hxg3 e4 21. Bb5 Nf6 22. Nd2 Rab8 23. Qa6 Rb6 24. Qa5 Rfb8 25. Bc4 Rxb2 26. Bb3 Rxd2 27. Rxd2 Qe5 28. Kc2 c4 29. Qxe5 1-0

[Event "GER-ch U25-A"]
[Site "Willingen"]
[Date "2017.06.08"]
[Round "7"]
[White "Gorainow, Nikita"]
[Black "Terhuven, Patrick"]
[Result "1-0"]
[WhiteElo "1858"]
[BlackElo "2138"]
[PlyCount "81"]
[EventDate "2017.06.04"]
[EventType "swiss"]
[EventRounds "9"]
[EventCountry "GER"]
[SourceTitle "CBM 178 Extra"]
[Source "ChessBase"]
[SourceDate "2017.06.22"]
[SourceVersion "1"]
[SourceVersionDate "2017.06.22"]
[SourceQuality "1"]

1. e4 e5 2. Nf3 Nc6 3. Nc3 Nf6 4. Bb5 Bd6 5. 0-0 0-0 6. d4 exd4 7. Nxd4 Re8 8. Re1 Nxd4 9. Qxd4 Qe7 10. Qd1 c6 11. Bd3 h6 12. f4 Bc5+ 13. Kf1 d6 14. h3 g6 15. Bd2 Ng4 16. hxg4 Qh4 17. Be3 Qh1+ 18. Kf2 Qh4+ 19. Kg1 Bxg4 20. Qd2 Bb4 21. Qf2 Qh5 22. a3 Ba5 23. b4 Bd8 24. Be2 Bf6 25. Bd4 Bd8 26. Bxg4 Qxg4 27. Qf3 Qe6 28. Rad1 a5 29. Qh3 Qxh3 30. gxh3 Bc7 31. Rf1 b6 32. b5 c5 33. Nd5 Bd8 34. Nf6+ Bxf6 35. Bxf6 Rxe4 36. Rxd6 g5 37. fxg5 hxg5 38. Rxb6 g4 39. Rf5 Kh7 40. Rh5+ Kg6 41. Rg5+ 1-0

[Event "Herne op 5th"]
[Site "Herne"]
[Date "2016.05.28"]
[Round "5"]
[White "Hinkmann, Jens"]
[Black "Gorainow, Nikita"]
[Result "1-0"]
[WhiteElo "2103"]
[BlackElo "1779"]
[PlyCount "95"]
[EventDate "2016.05.25"]
[EventType "swiss"]
[EventRounds "7"]
[EventCountry "GER"]
[SourceTitle "CBM 172 Extra"]
[Source "ChessBase"]
[SourceDate "2016.06.21"]
[SourceVersion "1"]
[SourceVersionDate "2016.06.21"]
[SourceQuality "1"]

1. e4 b6 2. d4 Bb7 3. Nc3 e6 4. a3 Nf6 5. Bd3 c5 6. d5 exd5 7. exd5 Nxd5 8. Qf3 Nxc3 9. Qxb7 Nc6 10. bxc3 a6 11. Be4 Ra7 12. Bxc6 Rxb7 13. Bxb7 Qc7 14. Bf3 Bd6 15. Ne2 0-0 16. g3 Re8 17. 0-0 Be5 18. Nf4 Qd6 19. Rd1 Qf6 20. Kg2 Bxf4 21. Bxf4 Qxc3 22. Rab1 b5 23. Rxd7 Qxc2 24. Rbd1 Qf5 25. Rd8 Rf8 26. Rxf8+ Kxf8 27. Bd6+ Kg8 28. Bxc5 g5 29. Rd8+ Kg7 30. Bd4+ f6 31. Rd5 Qe6 32. Rxg5+ Kf8 33. Bc5+ Ke8 34. Bd5 Qe2 35. Rg8+ Kd7 36. Rg7+ Kc8 37. Bb7+ Kd8 38. Be7+ Kc7 39. Bxf6+ Kd6 40. Bf3 Qd3 41. Be7+ Ke5 42. Rg5+ Ke6 43. Bc5 Kf6 44. Rd5 Qc2 45. Rd6+ Ke5 46. Rc6 Qa4 47. Bb4 Kf5 48. Bc3 1-0

[Event "Herne op 5th"]
[Site "Herne"]
[Date "2016.05.26"]
[Round "2"]
[White "Gorainow, Nikita"]
[Black "Stemmler, Fabian"]
[Result "1/2-1/2"]
[WhiteElo "1779"]
[BlackElo "1935"]
[PlyCount "60"]
[EventDate "2016.05.25"]
[EventType "swiss"]
[EventRounds "7"]
[EventCountry "GER"]
[SourceTitle "CBM 172 Extra"]
[Source "ChessBase"]
[SourceDate "2016.06.21"]
[SourceVersion "1"]
[SourceVersionDate "2016.06.21"]
[SourceQuality "1"]

1. e4 e6 2. Nf3 d5 3. Nc3 dxe4 4. Nxe4 Bd7 5. d4 Bc6 6. Bd3 Bxe4 7. Bxe4 c6 8. Bd2 Nf6 9. Bd3 Bd6 10. c3 Nbd7 11. Qc2 Qc7 12. 0-0-0 0-0-0 13. Rhe1 h6 14. h3 Rhe8 15. Re2 c5 16. c4 Bf4 17. Kb1 Bxd2 18. Rexd2 cxd4 19. Nxd4 a6 20. Be2 Nc5 21. Bf3 g6 22. b4 e5 23. bxc5 Rxd4 24. Rxd4 exd4 25. Rxd4 Re1+ 26. Rd1 Rxd1+ 27. Qxd1 Qxc5 28. Be2 Qf5+ 29. Kb2 Qc5 30. Kb1 Qf5+ 1/2-1/2

[Event "GER-ch U25-A"]
[Site "Willingen"]
[Date "2016.05.20"]
[Round "8"]
[White "Bosselmann, Tom Linus"]
[Black "Gorainow, Nikita"]
[Result "1-0"]
[WhiteElo "1830"]
[BlackElo "1779"]
[PlyCount "39"]
[EventDate "2016.05.15"]
[EventType "swiss"]
[EventRounds "9"]
[EventCountry "GER"]
[SourceTitle "CBM 172 Extra"]
[Source "ChessBase"]
[SourceDate "2016.06.21"]
[SourceVersion "1"]
[SourceVersionDate "2016.06.21"]
[SourceQuality "1"]

1. e4 b6 2. d4 Bb7 3. Bd3 e6 4. c4 f5 5. exf5 Bb4+ 6. Bd2 Bxd2+ 7. Nxd2 Bxg2 8. Qh5+ Kf8 9. Be4 Bxh1 10. Bxh1 Nc6 11. fxe6 Qe8 12. Qf3+ Nf6 13. 0-0-0 d5 14. cxd5 Nxd4 15. Qd3 c5 16. d6 Nxe6 17. d7 Qd8 18. Bxa8 Qxa8 19. Ndf3 Qb8 20. d8Q+ 1-0

[Event "GER-ch U25-A"]
[Site "Willingen"]
[Date "2016.05.16"]
[Round "3"]
[White "Borchert, Louis"]
[Black "Gorainow, Nikita"]
[Result "1-0"]
[WhiteElo "1774"]
[BlackElo "1779"]
[PlyCount "143"]
[EventDate "2016.05.15"]
[EventType "swiss"]
[EventRounds "9"]
[EventCountry "GER"]
[SourceTitle "CBM 172 Extra"]
[Source "ChessBase"]
[SourceDate "2016.06.21"]
[SourceVersion "1"]
[SourceVersionDate "2016.06.21"]
[SourceQuality "1"]

1. e4 b6 2. d4 Bb7 3. Bd3 e6 4. Nf3 c5 5. c3 Nf6 6. Qe2 Be7 7. 0-0 d5 8. e5 Ne4 9. Nbd2 Nxd2 10. Nxd2 Nc6 11. Qg4 g6 12. Nf3 Qd7 13. Ng5 Bf8 14. Re1 c4 15. Bc2 Bg7 16. Ba4 h6 17. Nh3 a6 18. Nf4 0-0-0 19. Bxc6 Bxc6 20. b3 Qe7 21. Ne2 h5 22. Qg3 Bh6 23. Bxh6 Rxh6 24. h4 Rg8 25. f4 Rhh8 26. Kf2 Kc7 27. Rh1 Kb7 28. Qf3 Rh7 29. g3 Qa3 30. Rhb1 Kc7 31. Ng1 Rhh8 32. Nh3 Rb8 33. Qe2 b5 34. Qc2 Kd7 35. Ng5 Ke7 36. Nf3 Qa5 37. Nd2 Qc7 38. Nf1 Kd7 39. Ne3 Ke7 40. Rh1 a5 41. Rh2 a4 42. Rhh1 Kd7 43. Ke2 Ke7 44. Rab1 Kd7 45. Rb2 axb3 46. axb3 Ra8 47. Ra2 Rxa2 48. Qxa2 Ra8 49. Qb2 cxb3 50. Qxb3 Qa5 51. Rb1 Qa2+ 52. Qc2 Kc7 53. Kd2 Kb6 54. Rb2 Qa4 55. Qxa4 Rxa4 56. Nc2 Rc4 57. Nb4 Bb7 58. Ra2 Rc8 59. Kc2 Rc4 60. Kb3 Rc8 61. Nc2 Ba6 62. Ne3 Rh8 63. Ra1 Bb7 64. Rh1 Bc6 65. g4 Be8 66. f5 gxf5 67. gxf5 Rg8 68. f6 Rg3 69. Nf1 Rg4 70. Rh3 Kc7 71. Ng3 Kd8 72. Nxh5 1-0

[Event "GER-ch U25-A"]
[Site "Willingen"]
[Date "2016.05.15"]
[Round "2"]
[White "Gorainow, Nikita"]
[Black "Lutter, Maximilian"]
[Result "1/2-1/2"]
[WhiteElo "1779"]
[BlackElo "1896"]
[PlyCount "68"]
[EventDate "2016.05.15"]
[EventType "swiss"]
[EventRounds "9"]
[EventCountry "GER"]
[SourceTitle "CBM 172 Extra"]
[Source "ChessBase"]
[SourceDate "2016.06.21"]
[SourceVersion "1"]
[SourceVersionDate "2016.06.21"]
[SourceQuality "1"]

1. e4 d6 2. d4 Nf6 3. Nc3 e5 4. Nf3 exd4 5. Nxd4 Be7 6. Bc4 0-0 7. 0-0 Nxe4 8. Nxe4 d5 9. Bd3 dxe4 10. Bxe4 Re8 11. Be3 Nd7 12. c3 Nf6 13. Bf3 a6 14. Qb3 c5 15. Ne2 Qc7 16. Bf4 Bd6 17. Bxd6 Qxd6 18. Rad1 Qc7 19. Ng3 Rb8 20. Rfe1 Be6 21. Qc2 Qa5 22. a3 Qb5 23. b4 cxb4 24. axb4 a5 25. Ne4 Nxe4 26. Bxe4 g6 27. Bd3 Qg5 28. bxa5 Qxa5 29. Rb1 Rbc8 30. c4 b5 31. Re5 Bxc4 32. Rxe8+ Rxe8 33. Bxc4 bxc4 34. Qxc4 Re1+ 1/2-1/2